P-adic monodromy and the Birch and Swinnerton-Dyer conjecture : a Workshop on p-Adic Monodromy on the Birch and Swinnerton-Dyer Conjecture, August 12-16, 1991, Boston University, Boston, Massachusetts

Αποθηκεύτηκε σε:
Λεπτομέρειες βιβλιογραφικής εγγραφής
Συγγραφή απο Οργανισμό/Αρχή: Workshop on p-adic Monodromy and the Birch and Swinnerton-Dyer Conjecture
Άλλοι συγγραφείς: Mazur, Barry (Επιμελητής έκδοσης), Stevens, Glenn 1953- (Επιμελητής έκδοσης)
Μορφή: Βιβλίο
Γλώσσα:English
Δημοσίευση: Providence, R.I. : American Mathematical Society, c1994
Σειρά:Contemporary mathematics (American Mathematical Society) ; ; 165
Θέματα:
Ετικέτες: Προσθήκη ετικέτας
Δεν υπάρχουν, Καταχωρήστε ετικέτα πρώτοι!

MARC

LEADER 00000nam a2200000 i 4500
001 1/95801
008 991209s1994 eng d
020 |a 0821851802 
035 |l 10055458 
040 |a GR-MY-UA  |b gre  |e aacr 
041 0 |a eng 
082 0 |a 512.74 
110 2 |a Workshop on p-adic Monodromy and the Birch and Swinnerton-Dyer Conjecture. 
245 1 0 |a P-adic monodromy and the Birch and Swinnerton-Dyer conjecture :  |b a Workshop on p-Adic Monodromy on the Birch and Swinnerton-Dyer Conjecture, August 12-16, 1991, Boston University, Boston, Massachusetts /  |c Barry Mazur, Glenn Stevens, editors 
260 |a Providence, R.I. :   |b American Mathematical Society,   |c c1994 
300 |a xiii, 315 p.;  |b ill.;  |c 25 cm. 
490 1 |a Contemporary mathematics  |v ; 165 
504 |a Includes bibliographical references 
650 0 0 |a p-adic analysis  |x Congresses. 
650 0 0 |a Homology theory  |x Congresses. 
650 0 0 |a Birch-Swinnerton-Dyer conjecture  |x Congresses. 
700 1 |a Mazur, Barry.  |4 edt 
700 1 |a Stevens, Glenn  |d 1953-  |4 edt 
830 0 |a Contemporary mathematics (American Mathematical Society) ;  |v ; 165 
852 |a INST  |b SAMOS  |e 19991209  |h 512.74 WOR  |p 005300012425  |q 005300012425  |t BK  |y 0 
901 |a BIBL3-1999-3 
909 |a Σ  |b 063340 
922 |a 3ΕΛΗ  |b 199908  |c ΕΠΕΑΕΚ/ΜΑΘ  |d ΠΑΠΑΣΩΤΗΡΙΟΥ 
970 |a ΠΟΥΡΝΑΡΑΣ  |b ΔΗΜΗΤΡΗΣ  |z 1999/12/09